| 000 | 00939nam a22002777a 4500 | ||
|---|---|---|---|
| 001 | 3582 | ||
| 003 | FISKH | ||
| 005 | 20250815130357.0 | ||
| 008 | 240321b cb ||||| |||| 00| 0 eng d | ||
| 020 | _a0439186927 | ||
| 040 |
_aFISKH _beng _cFISKH _dFISKH |
||
| 050 | _aPZ7.N964 | ||
| 082 | _a813.6 | ||
| 100 |
_aNumeroff, Laura _eauthor |
||
| 245 |
_aWhat daddies- mommies do best / _cby Laura Numeroff ; illustrated by Lynn Munsinger |
||
| 250 | _aFirst Scholastic printing , April 2000 | ||
| 260 |
_aNew York : _bScholastic , _c1998 |
||
| 300 |
_a40 unnumbered pages : _bcolor illustrations ; _c26 cm . |
||
| 505 | _aG | ||
| 520 | _aMothers and fathers participating in everyday activities show their love for their children in very similar ways. | ||
| 521 | 8 |
_a390
_bLexile |
|
| 521 | 8 |
_aG
_bRaz-Plus |
|
| 650 |
_amother's day _vFiction |
||
| 700 |
_aMunsinger, Lynn _dillustrator |
||
| 942 |
_2ddc _cBK _n0 |
||
| 999 |
_c3582 _d3582 |
||